000
00240nam a2200097Ia 4500
008
230907s9999||||xx |||||||||||||| ||und||
082
_a
613.2
_b
NAN
245
0
_a
Nanotechnology in nutraceuticals :
300
_a
xxi, 465 pages :
942
_c
BK
999
_c
600830
_d
600830